000 00878nam a2200265 i 4500
003 DO-SdBNP
005 20250507090057.0
007 ta
008 250507b2024 dr ||||| |||| 00| 0 spa d
020 _a9789945291315
040 _aDO-SdBNP
_bspa
_cBNPHU
_erda
082 4 _axxx
_bxxx
_222
100 _aMedina, Ramsés,
_eautor
_4aut.
_983621
245 1 3 _a"El estado delicuente" :
_b¿es el estado dominicano, delicuente? /
_cRamses Medina
264 1 _aSanto Domingo :
_bTiempo de Nosotros Editores,
_c2024.
300 _a105 páginas :
_c21 cm.
336 _atexto
_btxt
_2rdacontent
337 _asin mediación
_bn
_2rdamedia
338 _avolumen
_bnc
_2rdacarrier
500 _aIncluye referencias bibliográficas y notas al pie de las páginas
504 _aBibliografía : páginas 103-105
590 _aInventariado, 2025/BT
910 _aBtavárez
942 _2ddc
_cLBS1
999 _c58385
_d58385